000 00485nam a2200157 4500
001 138806
003 ES-MaACL
005 20230906195636.0
007 t|
008 070214s1971 sp r ||||1| spa d
100 1 _aSanz y Ruiz de la Peña, Nicomedes.
_9103697
245 1 0 _aLirio en gozo
_b: (107 sonetos) /
_cNicomedes Sanz y Ruiz de la Peña.
260 _aValladolid :
_bMañanas de la Biblioteca,
_c1971.
300 _a111 p. ;
_c18 cm.
852 _aES-MaACL
_jC-42002
_bR.78425
999 _c138806
_d138806